<?xml version="1.0" encoding="UTF-8"?>
<record
    xmlns:xsi="http://www.w3.org/2001/XMLSchema-instance"
    xsi:schemaLocation="http://www.loc.gov/MARC21/slim http://www.loc.gov/standards/marcxml/schema/MARC21slim.xsd"
    xmlns="http://www.loc.gov/MARC21/slim">

  <leader>01006nam a22002657i 4500</leader>
  <datafield tag="999" ind1=" " ind2=" ">
    <subfield code="c">23042</subfield>
    <subfield code="d">23042</subfield>
  </datafield>
  <controlfield tag="003">AR-CdUCM</controlfield>
  <controlfield tag="008">240913b20182018 peo|||| |||| 00| 0 spa d</controlfield>
  <datafield tag="020" ind1=" " ind2=" ">
    <subfield code="a">978-612-319-078-1</subfield>
  </datafield>
  <datafield tag="040" ind1=" " ind2=" ">
    <subfield code="a">MUNICIPALIDAD PROVINCIAL DEL CUSCO</subfield>
    <subfield code="c">BIBLIOTECA MUNICIPAL DEL CUSCO</subfield>
  </datafield>
  <datafield tag="082" ind1=" " ind2=" ">
    <subfield code="a">641.5985 / O83</subfield>
    <subfield code="b">O83</subfield>
  </datafield>
  <datafield tag="100" ind1=" " ind2=" ">
    <subfield code="a">Osterling, Rafael</subfield>
  </datafield>
  <datafield tag="245" ind1=" " ind2=" ">
    <subfield code="a">El Mercado :</subfield>
    <subfield code="b">Homenaje a la cocina peruana /</subfield>
  </datafield>
  <datafield tag="260" ind1=" " ind2=" ">
    <subfield code="a">Lima :</subfield>
    <subfield code="b">Editorial Planeta Per&#xFA; S.A. </subfield>
    <subfield code="c">2018</subfield>
  </datafield>
  <datafield tag="300" ind1=" " ind2=" ">
    <subfield code="a">419 p&#xE1;ginas. :</subfield>
    <subfield code="b">25 cm.</subfield>
  </datafield>
  <datafield tag="505" ind1=" " ind2=" ">
    <subfield code="a">Cocteles -- S&#xE1;ndwiches -- Rompebocas -- Tiraditos -- Cebiches -- Causas -- Sushi-Man -- Brasas -- Crujientes -- Sopas &amp; Aguas -- Chaufa, arroces &amp; Tacu-Tacus -- Peruchos -- Pescados -- Az&#xFA;car -- Sorbetes &amp; Helados -- B&#xE1;sicos</subfield>
  </datafield>
  <datafield tag="650" ind1=" " ind2=" ">
    <subfield code="a">Comida</subfield>
    <subfield code="9">50400</subfield>
  </datafield>
  <datafield tag="650" ind1=" " ind2=" ">
    <subfield code="a">Recetario </subfield>
    <subfield code="9">50401</subfield>
  </datafield>
  <datafield tag="650" ind1=" " ind2=" ">
    <subfield code="a">Cocteler&#xED;a </subfield>
    <subfield code="9">50391</subfield>
  </datafield>
  <datafield tag="650" ind1=" " ind2=" ">
    <subfield code="a">Sopas</subfield>
    <subfield code="9">50402</subfield>
  </datafield>
  <datafield tag="650" ind1=" " ind2=" ">
    <subfield code="a">Comidas b&#xE1;sicas</subfield>
    <subfield code="9">50403</subfield>
  </datafield>
  <datafield tag="650" ind1=" " ind2=" ">
    <subfield code="a">Sushi</subfield>
    <subfield code="9">50404</subfield>
  </datafield>
  <datafield tag="942" ind1=" " ind2=" ">
    <subfield code="2">ddc</subfield>
    <subfield code="c">LIBROS</subfield>
  </datafield>
  <datafield tag="945" ind1=" " ind2=" ">
    <subfield code="a">pbj</subfield>
    <subfield code="d">2024-09-13</subfield>
  </datafield>
  <datafield tag="952" ind1=" " ind2=" ">
    <subfield code="0">0</subfield>
    <subfield code="2">ddc</subfield>
    <subfield code="4">0</subfield>
    <subfield code="7">0</subfield>
    <subfield code="a">SC</subfield>
    <subfield code="b">SC</subfield>
    <subfield code="c">CART</subfield>
    <subfield code="d">2024-09-13</subfield>
    <subfield code="e">Donaci&#xF3;n</subfield>
    <subfield code="g">25.00</subfield>
    <subfield code="o">641.5985 / O83</subfield>
    <subfield code="p">SC0000002402</subfield>
    <subfield code="r">2024-09-13</subfield>
    <subfield code="y">LIBROS</subfield>
  </datafield>
</record>
